Human resources management odborný časopis pro řízení lidských zdrojů

Saved in:
Bibliographic Details
Format: Serial
Language:Czech
Published: Praha Economia 2011
Subjects:
Tags: Add Tag
No Tags, Be the first to tag this record!

MARC

LEADER 00000nas2a2200000 4500
001 0212268
005 20230217123944.7
022 |a 1801-4690 
041 0 |a cze 
044 |a CZ 
245 1 0 |a Human resources management  |b odborný časopis pro řízení lidských zdrojů 
264 1 |a Praha  |b Economia  |c 2011 
773 0 |w eu_un_cat*0040735 
610 2 0 |a zdroje ľudské 
610 2 0 |a riadenie ľudských zdrojov 
610 2 0 |a kultúra podniková 
610 2 0 |a vzťahy pracovné 
610 2 0 |a trh práce 
610 2 0 |a manažéri 
610 2 0 |a manažment